| 000 | 00408cam a2200157ua 4500 | ||
|---|---|---|---|
| 003 | OSt | ||
| 008 | 250602b |||||||| |||| 00| 0 eng d | ||
| 041 | _aeng | ||
| 082 |
_a624.171 _bKRI/SI |
||
| 100 |
_aKrishnamurthy, D . _97521 |
||
| 245 | _aStructural design and drawing, Vol 2 / | ||
| 250 | _a1 / | ||
| 260 |
_aNew Delhi : _bC B S Publishers & Distributers , _c1985. |
||
| 300 | _a350 ; . | ||
| 942 | _cBK | ||
| 999 |
_c5263 _d5263 |
||